| 000 | 01686nam a2200277 i 4500 | ||
|---|---|---|---|
| 003 | DO-SdBNP | ||
| 005 | 20230824103751.0 | ||
| 006 | a||||gr|||| 00| 0 | ||
| 007 | ta | ||
| 008 | 230822e1980 dr ao||| |||| 00| e spa d | ||
| 040 |
_aDO-SdBNP _bspa _cBNPHU _erda |
||
| 082 | 4 |
_222 _bM271i |
|
| 100 | 1 |
_aMandel, Ernest, _973989 _eautor |
|
| 245 | 1 | 0 |
_aIntroducción al marxismo. / _cErnest Mandel; cubierta, Amaury Villalba C. |
| 264 | 1 |
_aSanto Domingo : _bLa Internacional, _c1980 |
|
| 300 |
_a223 páginas : _bIlustraciones, fotografía ; _c17 cm. |
||
| 336 |
_2rdacontent _atexto _btxt |
||
| 337 |
_2rdamedia _asin mediación _bn |
||
| 338 |
_2rdacarrier _avolumen _bnc |
||
| 504 | _aBibliografía: página 121. | ||
| 505 | _aPrólogo a la edición española. | ||
| 505 |
_aPrólogo. _tLa desigualdad social y las luchas sociales a través de la historia.-- Las fuentes económicas de la desigualdad social.-- El Estado, instrumento de dominación de clase.-- De la pequeña producción mercantil al modo de producción capitalista.-- La economía capitalista.-- El capitalismo de los monopolios.-- El sistema imperialista mundial.-- Los orígenes del movimiento obrero moderno.-- Reformas y revolución.-- _tDemocracia burguesa y democracia proletaria.-- La primera guerra imperialista y la revolución rusa.-- El stalinismo.-- De las luchas cotidianas de las masas a la revolución social mundial.-- La conquista de las masas por los revolucionarios.-- El advenimiento de la sociedad sin clases.-- La dialéctica materialista.-- El materialismo histórico. |
||
| 590 | _aInventariado 2023 / MF | ||
| 700 |
_aVillalba C., Amaury, _efotografía de cubierta _984001 |
||
| 942 |
_2ddc _cLBS1 |
||
| 999 |
_c54505 _d54505 |
||